| 000 | 00905nas a2200289 4500 | ||
|---|---|---|---|
| 001 | BR8000687 | ||
| 003 | BR-BrBNA | ||
| 005 | 20231205084120.0 | ||
| 007 | ta | ||
| 008 | 230509b bl.|||p| |||| 00| 00por d | ||
| 040 |
_aBR-BrBNA _bpor _cBiblioteca Nacional de Agricultura |
||
| 041 | _a(Pt) | ||
| 072 | _aF60 | ||
| 100 | 1 | _aHofling, J.F. | |
| 100 | 1 | _aOliveira, A.R. | |
| 245 | 1 | _aAntigenos de sementes de Coffea arabica e Coffea canephora. Aspectos serologicos [Cafe] | |
| 246 | 1 | _aAntigens of seed meal from Coffea arabica and canephora. Serological aspects [Coffee] | |
| 650 | _aBioquimica vegetal | ||
| 650 | _aCafe | ||
| 650 | _aSemente | ||
| 650 | _aAntigeno | ||
| 650 | _aImunizacao | ||
| 650 | _aAntissoro | ||
| 773 | 0 |
_tCiencia e Cultura (Brazil) _xISSN 0009-6725 _g(Apr 1980), v. 32(4) p. 462-467 _wBR8000687 |
|
| 909 |
_a202311 _bLúcia _c55 _dLúcia Elande |
||
| 942 |
_2AGRIS _n0 _cANA |
||
| 999 |
_c103228 _d103228 |
||